Zmiany strukturalne i efektywnosc gospodarowania w latach 1989-1991.

Z prác varšavského CUP. V oblasti štruktúrnych zmien je poľské hospodárstvo na začiatku cesty. Nastal však značný rast súkromného sektora vrátane zahraničného obchodu. Veľký pokles nastal v priemysle a tým aj v jeho efektívnosti. Vzrástol vývoz do EHS a zmenila sa aj jeho štruktúra. V roľníctve veľm...

Descrizione completa

Salvato in:
Dettagli Bibliografici
Autore principale: Kalinin, D.
Natura: Capitolo di libro
Lingua:polacco
Soggetti:
Tags: Aggiungi Tag
Nessun Tag, puoi essere il primo ad aggiungerne!!

MARC

LEADER 00000naa a2200000 4500
001 r010370
005 20221125123058.2
041 0 |a pol 
044 |a PL 
245 1 0 |a Zmiany strukturalne i efektywnosc gospodarowania w latach 1989-1991.  |c D. Kalinin 
520 |a Z prác varšavského CUP. V oblasti štruktúrnych zmien je poľské hospodárstvo na začiatku cesty. Nastal však značný rast súkromného sektora vrátane zahraničného obchodu. Veľký pokles nastal v priemysle a tým aj v jeho efektívnosti. Vzrástol vývoz do EHS a zmenila sa aj jeho štruktúra. V roľníctve veľmi klesla spotreba minerálnych hnojív. Nastal pokles investičnej činnosti a rentability podnikov. 
610 2 0 |a zmeny štruktúrne 
610 2 0 |a PR 
610 2 0 |a 1989-1991 
610 2 0 |a vývoj hospodársky 
610 2 0 |a ukazovatele ekonomické 
610 2 0 |a sektor súkromný 
610 2 0 |a obchod zahraničný 
610 2 0 |a priemysel 
610 2 0 |a investície 
610 2 0 |a rentabilita podniku 
100 1 |a Kalinin, D.